000 00786nam a2200241 a 4500
008
020 _a0684859025 (hbk.)
049 _aMAIN
090 0 _aHD38.2 GLO
245 0 0 _aGlobal literacies :
_blessons on business leadership and national cultures : a landmark study of CEOs from 28 countries /
_cRobert Rosen ... [et al.].
260 _aNew York :
_bSimon & Schuster,
_c2000.
300 _a407 p. :
_bill. ;
_c25 cm.
504 _aIncludes bibliographical references.
500 _aIncludes index.
650 0 _aChief executive officers.
650 0 _aLeadership.
700 1 _aRosen, Robert H.
907 _a.b10154462
_b10-09-07
_c24-02-05
003
005 20230123134129.0
040 _cNUST
942 _cBOOKS
_kHD38.2 GLO
999 _c160556
_d160556